Tschung-Kue (Record no. 5810)

MARC details
000 -CABECERA
campo de control de longitud fija 00686nam a2200229 a 4500
001 - NÚMERO DE CONTROL
campo de control BRCA_6123
005 - FECHA Y HORA DE LA ÚLTIMA TRANSACCIÓN
campo de control 20190320205337.0
008 - DATOS DE LONGITUD FIJA--INFORMACIÓN GENERAL
campo de control de longitud fija 050711s1925----gw-abo####---#000-0#ger-#
041 ## - CÓDIGO DE LENGUA
Código de lengua del texto/banda sonora o título independiente ger
044 ## - CÓDIGO DEL PAÍS DE LA ENTIDAD EDITORA/PRODUCTORA
Código MARC del país gw
050 #4 - SIGNATURA TOPOGRÁFICA DE LA BIBLIOTECA DEL CONGRESO
Número de clasificación DS710
Número de documento/Ítem .F47 1925
100 1# - ENTRADA PRINCIPAL--NOMBRE DE PERSONA
Nombre de persona Filchner, Wilhelm
Fechas asociadas al nombre 1877-1957
9 (RLIN) 15454
245 10 - MENCIÓN DE TÍTULO
Título Tschung-Kue
Resto del título das reich der Mitte
Mención de responsabilidad, etc. Wilhelm Filchner.
260 ## - PUBLICACIÓN, DISTRIBUCIÓN, ETC.
Lugar de publicación, distribución, etc. Berlín
Nombre del editor, distribuidor, etc. Deutsche Buch-Gemeins-Chaft
Fecha de publicación, distribución, etc. c1925
300 ## - DESCRIPCIÓN FÍSICA
Extensión viii, 358 p.
Otras características físicas il., mapas, fotografías
Dimensiones 19 cm.
500 ## - NOTA GENERAL
Nota general Con firma de Franz Mayer en la portada
500 ## - NOTA GENERAL
Nota general Incluye índice alfabético
500 ## - NOTA GENERAL
Nota general K25
650 14 - PUNTO DE ACCESO ADICIONAL DE MATERIA--TÉRMINO DE MATERIA
Término de materia o nombre geográfico como elemento de entrada China
Término indicativo de función/relación Descripción y viajes
9 (RLIN) 15455
902 ## - CATALOGADOR
Iniciales GFM
942 ## - ELEMENTOS DE PUNTO DE ACCESO ADICIONAL (KOHA)
Fuente del sistema de clasificación o colocación Library of Congress Classification
Tipo de ítem Koha Libros
Holdings
Estado de retiro Estado de pérdida Estado dañado No para préstamo Localización permanente Ubicación/localización actual Fecha de adquisición Número de inventario Total de préstamos Signatura topográfica completa Código de barras Fecha visto por última vez Precio válido a partir de Tipo de ítem Koha
El ejemplar forma parte de la colección y puede ser consultado según las políticas vigentes.       Biblioteca del Museo Franz Mayer (Rogerio Casas-Alatriste) Biblioteca del Museo Franz Mayer (Rogerio Casas-Alatriste) 04/07/2011 K25   DS710 .F47 1925 (K25) 6562 22/03/2019 22/03/2019 Libros